00784nam a2200205 a 450000100100000000500170001000800410002704000250006808200200009310000370011324500510015026000410020130000100024265000280025265000310028004900090031195201180032095201230043899900170056100001102420240412074222.0091013s1969 dr 000 0 spa d aDO-SdBNPbspacBNPHU aRD861.44bT684c1 aTormes, María Nieves de92646710aCálices en flor /cMaría Nieves de Tormes. aSanto Domingo :bArte y Cine,c1969. a73 p. 0aPoesía dominicana966 0aLiteratura dominicana.967 aBNPD 0010718PDaPDbPDcCTd2009-10-13iLF1l0oRD861.44 T684cp11024-10r2020-06-25w2020-06-25yLFPDZNo se presta 0010718PDaPDbPDcCTd2009-10-13iLF1l0oRD861.44 T684cp11024-20r2020-06-25te.2w2020-06-25yLFPDZNo se presta c10762d10762